Privatitačný proces v Podnesterskej Moldavskej republike
Podnesterská Moldavská republika (PMR) je veľmi komplikovaným a jedinečným javom. Osobitosťou tohto regiónu je ten fakt, že sa nachádza najbližšie zo všetkých konfliktov post sovietskeho priestoru ku hraniciam EÚ a v osnove konfliktu nie sú zabudované etnické alebo náboženské protirečenia. Stručný p...
Salvato in:
| Autore principale: | |
|---|---|
| Natura: | Capitolo di libro |
| Lingua: | slovacco |
| Soggetti: | |
| Tags: |
Nessun Tag, puoi essere il primo ad aggiungerne!!
|
MARC
| LEADER | 00000nla$a2200000$$$4500 | ||
|---|---|---|---|
| 001 | 0065081 | ||
| 005 | 20240502071752.2 | ||
| 041 | 0 | |a slo | |
| 044 | |a SK | ||
| 245 | 1 | 0 | |a Privatitačný proces v Podnesterskej Moldavskej republike |c Leonid Raneta |
| 520 | |a Podnesterská Moldavská republika (PMR) je veľmi komplikovaným a jedinečným javom. Osobitosťou tohto regiónu je ten fakt, že sa nachádza najbližšie zo všetkých konfliktov post sovietskeho priestoru ku hraniciam EÚ a v osnove konfliktu nie sú zabudované etnické alebo náboženské protirečenia. Stručný popis hospodárstva PMR, komoditná a geografická štruktúra obchodu. Privatizácia v PMR. Osobitosti privatizácie. Oneskorený privatizačný proces v tomto regióne priťahuje pozornosť investorov nielen zo štátov SNŠ, ale aj z iných častí sveta. | ||
| 610 | 2 | 0 | |a Moldavsko |
| 610 | 2 | 0 | |a situácia hospodárska |
| 610 | 2 | 0 | |a privatizácia |
| 610 | 2 | 0 | |a investori |
| 100 | 1 | |a Raneta, Leonid, 1982- | |